Statistics for China General Knowledge #3

Click here to take the quiz!

General Stats

  • This quiz has been taken 45 times
  • The average score is 11 of 20

Answer Stats

QuestionAnswer% Correct
Current presidentXi Jinping
93%
Often referred to as the "Cradle of Chinese Civilization" and the "Mother River"Yellow
88%
Founder of Alibaba, richest man in the countryJack Ma
85%
Religion founded by LaoziTaoism
80%
Arguably the most influential figure in Chinese historyConfucius
75%
Desert shared with Mongolia, considered the largest in Asia according to various sourcesGobi
75%
Square that gone through protests (followed by a massacre of students) in 1989Tiananmen Square
73%
Palace complex in central Beijing, served the emperors of the Ming and Qing dynastiesForbidden City
70%
Tech company banned in the US and many other countries under suspicion of espionageHuawei
68%
Mongol leader that officially took over China in 1279Kublai Khan
63%
Cartoon bear that was censored in 2015Winnie the Pooh
58%
First confirmed dynastyShang
45%
River on the Russian border, also called the Black Dragon River or Heilong Jiang in ChineseAmur
43%
Biggest trade partnerSouth Korea
40%
Though without scientific evidence, this was believed to be the first Chinese dynastyXia
33%
China's largest Tech companyTencent
30%
Shanghai's most well-known TV towerOriental Pearl
28%
Warlord who served as the grand chancellor of the East Han dynasty whose family then took over and formed the state of Cao WeiCao Cao
25%
Common hairstyle of the Qing dynasty, sometimes mistakenly called pigtailQueue
25%
Most known vocational school, based in ShandongLanxiang
13%

Score Distribution

Percentile by Number Answered

Percent of People with Each Score

Your Score History

You have not taken this quiz